[Event "Santiago Endesa 04"]
[Site "Santiago de Chile"]
[Date "2013.05.??"]
[Round "10"]
[White "Gonzalez, Cristian"]
[Black "Yarur, Daniel"]
[Result "1-0"]
[WhiteElo "2150"]
[BlackElo "1644"]
[PlyCount "23"]
[EventDate "2013.04.16"]
[EventType "tourn"]
[EventRounds "10"]
[EventCountry "CHI"]
[SourceTitle "EXT 2015"]
[Source "ChessBase"]
[SourceDate "2014.11.20"]
[SourceVersion "1"]
[SourceVersionDate "2014.11.20"]
[SourceQuality "1"]

1. d4 d5 2. c4 Bf5 3. Nc3 e6 4. Nf3 Nc6 5. cxd5 exd5 6. Qb3 Nb4 7. e4 dxe4 8. Ne5 Be6 9. Bc4 Bxc4 10. Qxc4 Nc2+ 11. Kf1 Qf6 12. Nd5 1-0

[Event "Santiago Endesa 04"]
[Site "Santiago de Chile"]
[Date "2013.04.??"]
[Round "4"]
[White "Jaramillo Soto, Pablo"]
[Black "Yarur, Daniel"]
[Result "1-0"]
[WhiteElo "2178"]
[BlackElo "1644"]
[PlyCount "77"]
[EventDate "2013.04.16"]
[EventType "tourn"]
[EventRounds "10"]
[EventCountry "CHI"]
[SourceTitle "EXT 2015"]
[Source "ChessBase"]
[SourceDate "2014.11.20"]
[SourceVersion "1"]
[SourceVersionDate "2014.11.20"]
[SourceQuality "1"]

1. e4 c5 2. Bc4 e6 3. Nc3 Nc6 4. f4 Nf6 5. e5 d5 6. Be2 Ng8 7. Nf3 b6 8. 0-0 Bb7 9. d3 Nh6 10. a3 Nd4 11. Nxd4 cxd4 12. Nb1 Be7 13. Nd2 0-0 14. Nf3 Nf5 15. g4 Ne3 16. Bxe3 dxe3 17. d4 f6 18. Qd3 fxe5 19. Nxe5 Rc8 20. c3 Bd6 21. Qxe3 Bxe5 22. Qxe5 Kh8 23. Bd3 Qh4 24. Rf3 Bc6 25. Kg2 Qf6 26. Rh3 h6 27. g5 Qxe5 28. fxe5 Rf4 29. gxh6 gxh6 30. Rxh6+ Kg7 31. Rxe6 Be8 32. Rf1 Rg4+ 33. Kh1 Kh8 34. Rh6+ Kg7 35. Rh7+ Kg8 36. Rxa7 Bg6 37. Bxg6 Rxg6 38. Rg1 Rxg1+ 39. Kxg1 1-0